[Event "San Sebastian op 34th"]
[Site "San Sebastian"]
[Date "2011.04.21"]
[Round "7"]
[White "Suarez Garcia, Carlos"]
[Black "Baron, Romuald"]
[Result "1-0"]
[WhiteElo "2177"]
[BlackElo "1950"]
[PlyCount "71"]
[EventDate "2011.04.16"]
[EventType "swiss"]
[EventRounds "9"]
[EventCountry "ESP"]
[SourceTitle "CBM 141 Extra"]
[Source "ChessBase"]
[SourceDate "2011.05.03"]
[SourceVersion "1"]
[SourceVersionDate "2011.05.03"]
[SourceQuality "1"]

1. e4 c5 2. Nf3 d6 3. Nc3 Nf6 4. d4 cxd4 5. Nxd4 a6 6. Be2 e6 7. Be3 Be7 8. a4 b6 9. f4 Qc7 10. Bf3 Bb7 11. 0-0 Nbd7 12. Qe1 Nc5 13. Bd2 0-0 14. e5 Nd5 15. Nxd5 Bxd5 16. b4 Bxf3 17. Nxf3 Nd7 18. Qg3 Qxc2 19. exd6 Bxd6 20. Rfd1 Nf6 21. Rac1 Qg6 22. Rc6 Qxg3 23. hxg3 Rfd8 24. Rxb6 a5 25. Rc1 Nd5 26. Rxd6 Rxd6 27. b5 f6 28. Be1 Rad8 29. Kh2 Nb4 30. Bxb4 axb4 31. Rb1 Kf7 32. Rxb4 Ke8 33. a5 Ra8 34. b6 Kd7 35. a6 Rb8 36. a7 1-0

[Event "Montigny le Bretonneux Noel op 12th"]
[Site "Montigny le Bretonneux"]
[Date "2009.12.30"]
[Round "6"]
[White "Fruchard, Cyrille"]
[Black "Baron, Romuald"]
[Result "0-1"]
[WhiteElo "1660"]
[BlackElo "1995"]
[PlyCount "100"]
[EventDate "2009.12.26"]
[EventType "swiss"]
[EventRounds "7"]
[EventCountry "FRA"]
[SourceTitle "EXT 2011"]
[Source "ChessBase"]
[SourceDate "2010.11.26"]
[SourceVersion "1"]
[SourceVersionDate "2010.11.26"]
[SourceQuality "1"]

1. d4 Nf6 2. c4 e6 3. Nc3 Bb4 4. e3 b6 5. Nge2 Bb7 6. a3 Bxc3+ 7. Nxc3 0-0 8. f3 d5 9. Bd3 c5 10. cxd5 cxd4 11. exd4 Nxd5 12. 0-0 Nd7 13. f4 Qh4 14. Rf2 N7f6 15. Be2 Rac8 16. Qd3 Nxc3 17. bxc3 Ne4 18. Rf3 Rxc3 19. Qd1 Rxf3 20. Bxf3 Qf2+ 21. Kh1 Nc3 22. Qg1 Qxg1+ 23. Kxg1 Bxf3 24. gxf3 Ne2+ 25. Kf2 Nxd4 26. Bb2 Nb3 27. Rg1 g6 28. Bf6 Nc5 29. Rd1 Rc8 30. Kg3 Kf8 31. h4 h5 32. f5 exf5 33. Kf4 Ne6+ 34. Ke3 Ke8 35. Rd2 Rc6 36. Kf2 b5 37. Kg3 a5 38. Kf2 b4 39. axb4 axb4 40. Ke1 b3 41. Kf2 Rc2 42. Ke1 Rxd2 43. Kxd2 Kd7 44. Kc3 g5 45. f4 gxh4 46. Bxh4 Nxf4 47. Kxb3 Ng2 48. Bf2 h4 49. Kc3 h3 50. Bg1 Ne1 0-1

[Event "Montigny le Bretonneux Noel op 12th"]
[Site "Montigny le Bretonneux"]
[Date "2009.12.26"]
[Round "1"]
[White "Baron, Romuald"]
[Black "Branson, James"]
[Result "1-0"]
[WhiteElo "1995"]
[BlackElo "1680"]
[PlyCount "49"]
[EventDate "2009.12.26"]
[EventType "swiss"]
[EventRounds "7"]
[EventCountry "FRA"]
[SourceTitle "EXT 2011"]
[Source "ChessBase"]
[SourceDate "2010.11.26"]
[SourceVersion "1"]
[SourceVersionDate "2010.11.26"]
[SourceQuality "1"]

1. e4 e5 2. Nf3 Nc6 3. Bb5 a6 4. Ba4 Nf6 5. 0-0 b5 6. Bb3 Be7 7. Re1 0-0 8. c3 d5 9. exd5 Nxd5 10. d4 e4 11. Ne5 Nxe5 12. dxe5 c6 13. Nd2 e3 14. fxe3 Bb7 15. Nf3 Qb6 16. Nd4 Rad8 17. Qg4 Bc8 18. Nf5 Bxf5 19. Qxf5 Bc5 20. Kh1 Nxe3 21. Bxe3 Bxe3 22. e6 Rb8 23. exf7+ Rxf7 24. Qxf7+ Kh8 25. Qe7 1-0

[Event "Montigny le Bretonneux-A 8th"]
[Site "Montigny le Bretonneux"]
[Date "2009.10.29"]
[Round "6"]
[White "Forissier, Nicolas"]
[Black "Baron, Romuald"]
[Result "1-0"]
[WhiteElo "1987"]
[BlackElo "1998"]
[PlyCount "117"]
[EventDate "2009.10.24"]
[EventType "tourn"]
[EventRounds "9"]
[EventCountry "FRA"]
[SourceTitle "EXT 2010"]
[Source "ChessBase"]
[SourceDate "2010.11.25"]
[SourceVersion "1"]
[SourceVersionDate "2010.11.25"]
[SourceQuality "1"]

1. e4 e6 2. c4 d5 3. cxd5 exd5 4. exd5 Qxd5 5. Nc3 Qa5 6. Bc4 Nc6 7. Nf3 Bg4 8. Qb3 0-0-0 9. Be2 Ne5 10. Nxe5 Qxe5 11. d4 Qe6 12. Be3 Bxe2 13. Qxe6+ fxe6 14. Kxe2 Nf6 15. Rac1 a6 16. Rhe1 Bb4 17. Red1 Nd5 18. Ne4 h6 19. Nc5 Bxc5 20. dxc5 c6 21. g3 e5 22. Rc4 Nxe3 23. Rxd8+ Rxd8 24. Kxe3 Kd7 25. Rg4 g5 26. h4 Ke6 27. hxg5 Kf5 28. Rb4 hxg5 29. Rxb7 Rd5 30. Rb6 Rxc5 31. Rxa6 Rc2 32. Rb6 Rc1 33. Rb4 c5 34. Rb3 c4 35. Rc3 Re1+ 36. Kd2 Rf1 37. Ke2 Rb1 38. Rc2 g4 39. a4 Kg5 40. Kd2 Kf5 41. Kc3 Ra1 42. Kb4 Ra2 43. a5 c3 44. Kxc3 Rxa5 45. b4 Ra3+ 46. Kc4 Ra4 47. Kc5 Ra8 48. Rb2 Ke4 49. b5 Kf3 50. b6 e4 51. b7 Rb8 52. Kc6 Re8 53. Kc7 Re7+ 54. Kc8 Re8+ 55. Kd7 Rh8 56. Kc7 Rh7+ 57. Kb6 Rh8 58. Ka7 Rh7 59. Ka8 1-0

[Event "Montigny le Bretonneux-A 8th"]
[Site "Montigny le Bretonneux"]
[Date "2009.10.25"]
[Round "2"]
[White "Legrix, Jean Marie"]
[Black "Baron, Romuald"]
[Result "1-0"]
[WhiteElo "1897"]
[BlackElo "1998"]
[PlyCount "59"]
[EventDate "2009.10.24"]
[EventType "tourn"]
[EventRounds "9"]
[EventCountry "FRA"]
[SourceTitle "EXT 2010"]
[Source "ChessBase"]
[SourceDate "2010.11.25"]
[SourceVersion "1"]
[SourceVersionDate "2010.11.25"]
[SourceQuality "1"]

1. d4 Nf6 2. c4 e6 3. Nf3 b6 4. Bg5 Bb7 5. Nc3 Bb4 6. Rc1 d6 7. Qa4+ Nc6 8. d5 Bxc3+ 9. Rxc3 Qd7 10. Bxf6 gxf6 11. dxc6 Bxc6 12. Qd1 e5 13. e3 h5 14. Be2 Qg4 15. Nxe5 Qxg2 16. Bf3 Qxh1+ 17. Bxh1 Bxh1 18. Nd3 Ke7 19. Nf4 Rag8 20. Ke2 Bc6 21. b4 Rg5 22. Nd5+ Kd8 23. Qd4 Rf5 24. e4 Re8 25. Re3 Bxd5 26. exd5 Ree5 27. f4 Rxe3+ 28. Qxe3 h4 29. Qf3 h3 30. Qg4 1-0

[Event "Montigny le Bretonneux Noel op 11th"]
[Site "Montigny le Bretonneux"]
[Date "2008.12.28"]
[Round "4"]
[White "Baron, Daniel"]
[Black "Baron, Romuald"]
[Result "1/2-1/2"]
[WhiteElo "2122"]
[BlackElo "1942"]
[PlyCount "34"]
[EventDate "2008.12.26"]
[EventType "swiss"]
[EventRounds "7"]
[EventCountry "FRA"]
[SourceTitle "EXT 2010"]
[Source "ChessBase"]
[SourceDate "2010.11.25"]
[SourceVersion "1"]
[SourceVersionDate "2010.11.25"]
[SourceQuality "1"]

1. c4 c5 2. Nc3 Nf6 3. g3 Nc6 4. Bg2 g6 5. e4 Bg7 6. Nge2 e5 7. 0-0 0-0 8. a3 d6 9. Rb1 Be6 10. d3 Qd7 11. b4 b6 12. f4 Bh3 13. Nd5 Nxd5 14. exd5 Bxg2 15. Kxg2 Nd4 16. Nxd4 exd4 17. b5 Rfe8 1/2-1/2

[Event "Montigny le Bretonneux Noel op 06th"]
[Site "Montigny le Bretonneux"]
[Date "2003.12.27"]
[Round "2"]
[White "Baron, Romuald"]
[Black "Verat, Laurent"]
[Result "0-1"]
[WhiteElo "1950"]
[BlackElo "2302"]
[PlyCount "60"]
[EventDate "2003.12.26"]
[EventType "swiss"]
[EventRounds "6"]
[EventCountry "FRA"]
[SourceTitle "CBM 097 Extra"]
[Source "ChessBase"]
[SourceDate "2004.01.13"]
[SourceVersion "1"]
[SourceVersionDate "2004.01.13"]
[SourceQuality "1"]

1. Nf3 Nf6 2. c4 e6 3. Nc3 d5 4. d4 Bb4 5. cxd5 exd5 6. Bg5 h6 7. Bh4 g5 8. Bg3 Ne4 9. Nd2 Nxc3 10. bxc3 Bxc3 11. Rc1 Bb2 12. Bxc7 Qd7 13. Rb1 Bc3 14. Be5 0-0 15. e3 Nc6 16. Bb5 Qf5 17. Bxc6 bxc6 18. 0-0 Ba6 19. Re1 Qd3 20. Qh5 Bxd2 21. Qxh6 Qh7 22. Qxg5+ Qg6 23. Qh4 f6 24. Bd6 Bxe1 25. Rxe1 Rf7 26. e4 Re8 27. e5 Rg7 28. g3 Qg5 29. Qh3 Rh7 30. Qg2 Qd2 0-1

[Event "Saint Quentin op 5th"]
[Site "Saint Quentin"]
[Date "2002.??.??"]
[Round "9"]
[White "Baron, Romuald"]
[Black "Bilquez, Romain"]
[Result "1/2-1/2"]
[WhiteElo "1650"]
[BlackElo "1400"]
[PlyCount "75"]
[EventDate "2002.04.21"]
[EventType "swiss"]
[EventRounds "9"]
[EventCountry "FRA"]
[SourceTitle "CBM 088 Extra"]
[Source "ChessBase"]
[SourceDate "2002.07.01"]
[SourceVersion "2"]
[SourceVersionDate "2002.07.01"]
[SourceQuality "1"]

1. e4 e5 2. Nf3 Nc6 3. Bb5 a6 4. Bxc6 dxc6 5. 0-0 Bd6 6. d4 exd4 7. Nxd4 c5 8. Nf3 Bg4 9. Nc3 c6 10. Be3 Qe7 11. Qe2 Nf6 12. Bg5 Be5 13. Qe3 Bxf3 14. Qxf3 h6 15. Bh4 0-0-0 16. Bg3 g6 17. Bxe5 Qxe5 18. Rad1 Rd4 19. Rfe1 Rhd8 20. Qh3+ Kb8 21. Qxh6 Rxd1 22. Rxd1 Rxd1+ 23. Nxd1 Qxe4 24. Qf8+ Qe8 25. Qd6+ Kc8 26. Ne3 Nd7 27. h3 Qe5 28. Qxe5 Nxe5 29. Kf1 Kc7 30. Ke2 f5 31. f4 Nd7 32. Nc4 b5 33. Nd2 Kd6 34. Nf3 Ke6 35. Ke3 Kf6 36. h4 Nb6 37. Kd3 Nd5 38. g3 1/2-1/2

[Event "Saint Quentin op 4th"]
[Site "Saint Quentin"]
[Date "2001.04.20"]
[Round "7.43"]
[White "Denis, Eric"]
[Black "Baron, Romuald"]
[Result "0-1"]
[WhiteElo "1760"]
[BlackElo "1500"]
[PlyCount "110"]
[EventDate "2001.04.15"]
[EventType "swiss"]
[EventRounds "9"]
[EventCountry "FRA"]
[SourceTitle "EXT 2002"]
[Source "ChessBase"]
[SourceDate "2001.11.25"]
[SourceVersion "1"]
[SourceVersionDate "2001.11.25"]
[SourceQuality "1"]

1. e4 e6 2. d4 d5 3. Nc3 dxe4 4. Nxe4 Nd7 5. Nf3 Ngf6 6. Nxf6+ Nxf6 7. Bd3 Be7 8. 0-0 0-0 9. Re1 b6 10. Qe2 Bb7 11. c3 c5 12. Bg5 Bxf3 13. Qxf3 cxd4 14. Rad1 Qc7 15. cxd4 Rad8 16. Qh3 h6 17. Bh4 Kh8 18. Bb1 Rd7 19. g4 Qf4 20. g5 Qg4+ 21. Qxg4 Nxg4 22. Re4 hxg5 23. Bxg5 Bxg5 24. Rxg4 Bf6 25. Rd3 Rfd8 26. d5 Rxd5 27. Rh3+ Kg8 28. Bh7+ Kf8 29. Be4 Rd1+ 30. Kg2 R8d4 31. Ra3 a5 32. Rb3 R4d2 33. Bc6 Rxb2 34. Rxb2 Bxb2 35. a4 Rd4 36. h3 e5 37. Rg3 Rd2 38. Rf3 Bd4 39. Kg3 g6 40. h4 f5 41. h5 f4+ 42. Kg4 gxh5+ 43. Kxh5 Rxf2 44. Rxf2 Bxf2 45. Kg4 Ke7 46. Kf3 Kd6 47. Ba8 Bd4 48. Ke4 Kc5 49. Kd3 b5 50. axb5 Kxb5 51. Kc2 Kc4 52. Bc6 Kb4 53. Bd5 a4 54. Bc6 a3 55. Kc1 Kc3 0-1